Japanese-european trade relations restrictions or cooperation?

Spremljeno u:
Bibliografski detalji
Format: Knjiga
Jezik:Undetermined
Izdano: Geneva The Top'70 study Group 1978
Teme:
Oznake: Dodaj oznaku
Bez oznaka, Budi prvi tko označuje ovaj zapis!
Thư viện lưu trữ: Trung tâm Học liệu Trường Đại học Cần Thơ
LEADER 00517nam a2200169Ia 4500
001 CTU_99313
008 210402s9999 xx 000 0 und d
082 |a 382 
082 |b J35 
245 0 |a Japanese-european trade relations restrictions or cooperation? 
260 |a Geneva 
260 |b The Top'70 study Group 
260 |c 1978 
650 |a Automobile industry and trade,Automobile industry and trade 
650 |z Japan,Europe 
904 |i Tuyến 
980 |a Trung tâm Học liệu Trường Đại học Cần Thơ